El Papel de los organismos multilaterales de cooperación en el desarrollo sostenible: el caso del BID /

Guardat en:
Dades bibliogràfiques
Autor principal: Iglesias, Enrique V.
Format: Text
Etiquetes: Afegir etiqueta
Sense etiquetes, Sigues el primer a etiquetar aquest registre!

MARC

LEADER 00000 a a2200000 04500
001 18147
003
040
100 |a Iglesias, Enrique V.  
245 |a El Papel de los organismos multilaterales de cooperación en el desarrollo sostenible:   |b el caso del BID /  |c Enrique V. Iglesias 
773 |g número 20; páginas 147-157  
999 |c 30763  |d 30763